Villes les plus peuplées de Gironde - Statistiques

Statistiques générales
  • Ce quiz a été pris 442 fois
    175 depuis la dernière actualisation
  • Le résultat moyen est 13 sur 25
Statistiques - réponses
Habitants Ville % Correct
265 328 Bordeaux
100%
77 136 Mérignac
92%
66 874 Pessac
92%
45 869 Talence
79%
24 668 Libourne
76%
30 968 Bègles
68%
42 185 Villenave d'Ornon
63%
24 654 Lormont
62%
26 784 Cenon
59%
26 186 Gradignan
59%
32 749 Saint-Médard-en-Jalles
59%
20 382 Bruges
56%
27 141 La Teste-de-Buch
54%
24 262 Le Bouscat
48%
17 939 Floirac
47%
16 757 Cestas
46%
24 436 Eysines
45%
16 786 Blanquefort
39%
11 499 Le Haillan
39%
22 643 Gujan-Mestras
37%
11 303 Biganos
29%
17 298 Ambarès-et-Lagrave
28%
12 614 Andernos-les-Bains
28%
12 786 Saint-André-de-Cubzac
24%
11 756 Mios
18%
Aucun quiz correspondant
Distribution des résultats
% des personnes avec chaque résultat
Percentile par nombre de réponses
Votre historique - résultats
Vous n’avez pas pris ce quiz depuis la dernière actualisation